| 000 | 00719nam a2200241 a 4500 | ||
|---|---|---|---|
| 999 |
_c11776 _d11776 |
||
| 001 | 11776 | ||
| 003 | BD-JhCC | ||
| 005 | 20220804134023.0 | ||
| 008 | 201013b 2019bg a|||| ||a| 000 0 ben d | ||
| 020 | _a9789848040263 | ||
| 035 | _a(BD-JhCC)11776 | ||
| 040 |
_aBD-JhCC _dBD-JhCC |
||
| 041 | _aben | ||
| 082 |
_a158 _bMAH 2019 |
||
| 100 | _aমাহবুব, ঝংকার | ||
| 245 |
_aপ্যারাময় লাইফের প্যারাসিটামল / _c ঝংকার মাহবুব । |
||
| 260 |
_aঢাকা: _bআদর্শ; _c২০২০. |
||
| 300 |
_a124 p. : _bill; _c22 cm. |
||
| 650 | _asuccess | ||
| 650 | _aMotivation | ||
| 942 |
_2ddc _cBK _08 |
||